000 00367nam a22001217a 4500
020 _a8126506067
082 _222
_a005.117
100 _aDocherty, Mike O.
245 _aObject oriented analysis and design:
_bUnderstanding system development with UML 2.0 /
260 _aNew Delhi,
_bWiley and Sons,
_cc2012.
300 _axiii, 559p. ;
_bill. ;
_c23 cm.
942 _2ddc
_cIT
_09
999 _c840
_d840